000 00350nam a2200145 i 4500
001 bg
100 1 _aZAPAŁOWICZ, Wiesław
245 0 _aTeoria automatycznego sterowania.
_nCz. 1 /
_cW. Zapałowicz.
250 _aWyd. 2.
260 _aKraków,
_c1973.
040 _cBPK
041 _apol
942 _cKS
008 s pl f |000 0 pol
999 _c2472
_d2472
856 _uhttp://koha.tu.koszalin.pl/cgi-bin/koha/opac-detail.pl?biblionumber=2472
_yKatalog online BPK